COMMUNICATIONS SKILLS (Record no. 44820)
[ view plain ]
| 000 -LEADER | |
|---|---|
| fixed length control field | 00516nam a22001817a 4500 |
| 003 - CONTROL NUMBER IDENTIFIER | |
| control field | OSt |
| 005 - DATE AND TIME OF LATEST TRANSACTION | |
| control field | 20240101104830.0 |
| 008 - FIXED-LENGTH DATA ELEMENTS--GENERAL INFORMATION | |
| fixed length control field | 190316b xxu||||| |||| 00| 0 eng d |
| 020 ## - INTERNATIONAL STANDARD BOOK NUMBER | |
| International Standard Book Number | 9789383290376 |
| 040 ## - CATALOGING SOURCE | |
| Transcribing agency | IIMT UNIVERSITY, MEERUT |
| Modifying agency | SEROSOFT |
| 100 ## - MAIN ENTRY--PERSONAL NAME | |
| Personal name | ARORA, ARORA |
| 245 ## - TITLE STATEMENT | |
| Title | COMMUNICATIONS SKILLS |
| 260 ## - PUBLICATION, DISTRIBUTION, ETC. | |
| Place of publication, distribution, etc. | JALANDHAR |
| Name of publisher, distributor, etc. | PEE VEE BOOKS |
| Date of publication, distribution, etc. | 2017 |
| 300 ## - PHYSICAL DESCRIPTION | |
| Extent | PAPERBACK |
| Other physical details | 116 PP. |
| 760 ## - MAIN SERIES ENTRY | |
| Edition | 1ST ED. |
| 856 ## - ELECTRONIC LOCATION AND ACCESS | |
| Materials specified | PAPERBACK |
| 942 ## - ADDED ENTRY ELEMENTS (KOHA) | |
| Source of classification or shelving scheme | |
| Koha item type | Text-Book- for 7 days |
| Edition | 1ST ED. |
| Classification part | TITLE |
| Item part | BOOK |
| Call number prefix | 441.166 ARO |
| Call number suffix | 441.166 ARO |
| Withdrawn status | Lost status | Source of classification or shelving scheme | Materials specified (bound volume or other part) | Damaged status | Not for loan | Home library | Current library | Date acquired | Source of acquisition | Coded location qualifier | Cost, normal purchase price | Inventory number | Total Checkouts | Full call number | Barcode | Date last seen | Date last checked out | Copy number | Uniform Resource Identifier | Cost, replacement price | Price effective from | Koha item type | Public note |
|---|---|---|---|---|---|---|---|---|---|---|---|---|---|---|---|---|---|---|---|---|---|---|---|
| PAPERBACK | IIMT SCHOOL OF PHARMACEUTICAL SCIENCES | IIMT SCHOOL OF PHARMACEUTICAL SCIENCES | 03/16/2019 | BANSAL BOOKS | COMMUNICAT | 125.00 | 2675 DATED 01/02/2019 | 1 | 441.166 ARO | 27-B-30 | 02/12/2025 | 02/12/2025 | R | COMMUNICATION | 125.00 | 03/09/2019 | Text-Book- for 7 days | Reference Book (Rack-1) | |||||
| PAPERBACK | IIMT SCHOOL OF PHARMACEUTICAL SCIENCES | IIMT SCHOOL OF PHARMACEUTICAL SCIENCES | 03/16/2019 | BANSAL BOOKS | COMMUNICAT | 125.00 | 2675 DATED 01/02/2019 | 441.166 ARO | 27-B-31 | 03/16/2019 | R | COMMUNICATION | 125.00 | 03/09/2019 | Text-Book- for 7 days | Reference Book (Rack-1) |

